Ochrana kovových objektů a zařízení proti atmosférické korozi = Corrosion protection of metal structures and equipment against atmospheric corrosion : TPG G 920 23 : schválena dne 30.9.2010, [platí od 1.12.2010 /

Korporativní autor: Český plynárenský svaz
Jazyk: Čeština
Vydáno: [Praha] : GAS, c2010
Edice: Technická pravidla. Koroze - ochrana materiálu
Témata:
Fyzický popis: 40 s. : il., formuláře ; 30 cm
Knihy
Uloženo v:
LEADER 02166nam a2200541 a 4500
001 nkc20102156080
003 CZ PrNK
005 20210625124034.0
007 ta
008 101213s2010 xr ak f u 000 0 cze
015 |a cnb002156080 
020 |a 978-80-7328-225-7  |q (brož.) 
035 |a (OCoLC)741401785 
040 |a OLA001  |b cze 
043 |a e-xr--- 
072 7 |a 662  |x Výbušniny. Paliva  |2 Konspekt  |9 19 
080 |a 662.76:621.6.05  |2 MRF 
080 |a 620.193.2  |2 MRF 
080 |a 620.197  |2 MRF 
080 |a 006.7/.8  |2 MRF 
080 |a (437.3)  |2 MRF 
080 |a (083)  |2 MRF 
245 0 0 |a Ochrana kovových objektů a zařízení proti atmosférické korozi =  |b Corrosion protection of metal structures and equipment against atmospheric corrosion : TPG G 920 23 : schválena dne 30.9.2010, [platí od 1.12.2010 /  |c realizace a vydání technických pravidel Český plynárenský svaz] 
246 3 0 |a TPG G 920 23 
246 3 1 |a Corrosion protection of metal structures and equipment against atmospheric corrosion 
260 |a [Praha] :  |b GAS,  |c c2010 
300 |a 40 s. :  |b il., formuláře ;  |c 30 cm 
490 1 |a Technická pravidla. Koroze - ochrana materiálu 
500 |a Název z obálky 
500 |a Přehled souvisejících předpisů a norem 
504 |a Obsahuje bibliografické odkazy 
650 0 7 |a plynová zařízení  |7 ph124130  |2 czenas 
650 0 7 |a protikorozní ochrana  |7 ph172888  |2 czenas 
650 0 7 |a atmosférická koroze  |7 ph638822  |2 czenas 
650 0 7 |a technické normy a standardy  |7 ph260676  |z Česko  |2 czenas 
650 0 9 |a gas equipment  |2 eczenas 
650 0 9 |a corrosion protection  |2 eczenas 
650 0 9 |a atmospheric corrosion  |2 eczenas 
650 0 9 |a technical standards  |z Czechia  |2 eczenas 
655 7 |a normy  |7 fd131861  |2 czenas 
655 9 |a standards  |2 eczenas 
710 2 |a Český plynárenský svaz  |7 ko2004231811 
830 0 |a Technická pravidla.  |p Koroze - ochrana materiálu  |0 s 
910 2 |a BOA001  |b 4-1258.023 
990 |a BK 
995 |a 01 
991 |b 201101  |c NOV  |e n 
996 6 |b 2610459945  |c 4-1258.023  |d TPG 920 23  |l MZK  |r STM 6p  |n 1  |p p.v. ; pult STM6  |h 006 TPG  |w 001164079  |u 000010  |a 0  |e BOA001  |j MZK50  |s P